NLSUI OPAC header image

Index to legal citations and abbreviations (Record no. 25645)

MARC details
000 -LEADER
fixed length control field 00547nam a2200217Ia 4500
003 - CONTROL NUMBER IDENTIFIER
control field OSt
005 - DATE AND TIME OF LATEST TRANSACTION
control field 20251201073816.0
008 - FIXED-LENGTH DATA ELEMENTS--GENERAL INFORMATION
fixed length control field 160316s2008 xxu||||| |||| 00| 0 eng d
020 ## - INTERNATIONAL STANDARD BOOK NUMBER
International Standard Book Number 978-1-84703-604-9
040 ## - CATALOGING SOURCE
Transcribing agency nls
082 ## - DEWEY DECIMAL CLASSIFICATION NUMBER
Classification number 340.07 RAI
100 ## - MAIN ENTRY--PERSONAL NAME
Personal name Raistrick Donald
245 ## - TITLE STATEMENT
Title Index to legal citations and abbreviations
250 ## - EDITION STATEMENT
Edition statement 3rd
260 ## - PUBLICATION, DISTRIBUTION, ETC.
Place of publication, distribution, etc. London
Name of publisher, distributor, etc. Sweet & Maxwell
Date of publication, distribution, etc. 2008
300 ## - PHYSICAL DESCRIPTION
Extent 542p
365 ## - TRADE PRICE
Price amount Rs. 7,425
650 ## - SUBJECT ADDED ENTRY--TOPICAL TERM
Topical term or geographic name entry element Legal Research - Citation - Legal Authorities
700 ## - ADDED ENTRY--PERSONAL NAME
Personal name
--
942 ## - ADDED ENTRY ELEMENTS (KOHA)
Source of classification or shelving scheme Dewey Decimal Classification
Koha item type BOOKs
Holdings
Withdrawn status Lost status Damaged status Not for loan Home library Current library Shelving location Date acquired Cost, normal purchase price Total Checkouts Full call number Barcode Date last seen Price effective from Koha item type
        NLS NLS Library Compactors 30/05/2017 7425.00   340.07 RAI 23251 30/05/2017 30/05/2017 BOOKs